00964cam a22002778i 4500001001100000003000700011005001700018008004100035020002800076040002800104041000800132042000900140100001400149245013800163246008100301250001100382264005000393264004800443300003500491336002700526337002900553338002800582504002900610650002200639650002500661.b36158999YEEZEN20240102145103.0210720s2021 ch a b 001 0 chi d a9789860622836q(平裝) aCIPbchicCIPdCKTerda0 achi anbic1 a廖華芳10a兒童物理治療學 =bPediatric physical therapy-health promotion, habilitation and rehabilitation /c廖華芳作[及其他12人]31aPediatric physical therapy-health promotion,habilitation and rehabilitation. a初版 1a臺北市 :b禾楓書局有限公司,c2021. 2a臺北市 :b華騰文化股份有限公司 a822面 :b圖, 表 ;c21公分 atextbtxt2rdacontent. aunmediatedbn2rdamedia. avolumebnc2rdacarrier. a含參考書目及索引 7a小兒科2lcstt. 7a物理治療2lcstt.